Cantos /
Enregistré dans:
| Auteur principal: | |
|---|---|
| Format: | Inconnue |
| Langue: | Spanish |
| Publié: |
San José, Costa Rica :
Imprenta Universal,
1928.
|
| Sujets: | |
| Tags: |
Ajouter un tag
Pas de tags, Soyez le premier à ajouter un tag!
|
MARC
| LEADER | 000000000a22000000004500 | ||
|---|---|---|---|
| 001 | 008585 | ||
| 041 | 0 | |a spa | |
| 082 | 0 | 4 | |a CR861.4 |b C367c |
| 100 | 1 | |a Jiménez, Auristela C. de | |
| 245 | 1 | 0 | |a Cantos / |c Auristela C. de Jiménez. |
| 260 | 1 | |a San José, Costa Rica : |b Imprenta Universal, |c 1928. | |
| 300 | |a 177 páginas | ||
| 650 | 4 | |a LITERATURA COSTARRICENSE | |
| 650 | 4 | |a POESIA | |
| 999 | |c 14144 |d 14144 | ||
| 942 | |c BK |h CR861.4 C367c |2 z | ||
